NBA, NFL Champs Since 2000 - Statistics

General Stats
  • This quiz has been taken 110 times
  • The average score is 35 of 51
Answer Stats
Hint Answer % Correct
NFL 2024-25 Eagles
100%
NBA 2023-24 Celtics
95%
NFL 2023-24 Chiefs
93%
NFL 2022-23 Chiefs
92%
NBA 2022-23 Nuggets
92%
NBA 2021-22 Warriors
90%
NBA 2020-21 Bucks
83%
NFL 2021-22 Rams
83%
NBA 2019-20 Lakers
80%
NFL 2020-21 Buccaneers
78%
NFL 2019-20 Chiefs
78%
NBA 2018-19 Raptors
78%
NBA 2017-18 Warriors
78%
NFL 2018-19 Patriots
77%
NBA 2016-17 Warriors
73%
NFL 2016-17 Patriots
72%
NBA 2015-16 Cavaliers
70%
NBA 2014-15 Warriors
70%
NFL 2017-18 Eagles
69%
NBA 2012-13 Heat
69%
NFL 2014-15 Patriots
69%
NBA 2013-14 Spurs
69%
NFL 2015-16 Broncos
67%
NBA 2011-12 Heat
67%
NBA 2009-10 Lakers
66%
NBA 2000-01 Lakers
66%
NBA 2008-09 Lakers
65%
NBA 2001-02 Lakers
65%
NBA 1999-2000 Lakers
65%
NFL 2013-14 Seahawks
64%
NBA 2010-11 Mavericks
63%
NBA 2007-08 Celtics
62%
NFL 2010-11 Packers
62%
NFL 2004-05 Patriots
62%
NBA 2003-04 Pistons
62%
NFL 2012-13 Ravens
62%
NBA 2006-07 Spurs
62%
NBA 2004-05 Spurs
62%
NBA 2005-06 Heat
60%
NFL 2003-04 Patriots
60%
NFL 2001-02 Patriots
60%
NBA 2002-03 Spurs
60%
NFL 2005-06 Steelers
57%
NFL 2011-12 Giants
56%
NFL 2008-09 Steelers
56%
NFL 2007-08 Giants
55%
NFL 2009-10 Saints
55%
NFL 2006-07 Colts
53%
NFL 2000-01 Ravens
50%
NFL 1999-2000 Rams
49%
NFL 2002-03 Buccaneers
48%
No matching quizzes found
Score Distribution
Percent of People with Each Score
Percentile by Number Answered
Your Score History
You have not taken this quiz